| 000 | 00382nam a2200109Ia 4500 | ||
|---|---|---|---|
| 008 | 171211s9999 xx 000 0 und d | ||
| 245 | _aZero Days: The Real Life Adventure of Captain Bligh, Nellie Bly, and 10-year-old Scrambler on the Pacific Crest Trail | ||
| 245 | _cBarbara Egbert | ||
| 260 | _c2007 | ||
| 650 | _xBiography | ||
| 856 | _uhttp://down.ebook777.com/058/0899974384.pdf | ||
| 999 |
_c349994 _d349994 |
||